00338cam a22001097a 4500008004000000082001800040100002100058245007100079260003300150300001000183650003500193180718b1958 xxu||||| |||| 00| 0 eng d aCox54074 C392 aChatterji, Amiya aConstitutional development of India: 1937-1947cby Amiya Chatterji aCalcuttabMukhopadhyayc1958 a299p. aConstitutional History - India